| 000 | 03651cam a22012134i 4500 | ||
|---|---|---|---|
| 003 | PE-LiUPU | ||
| 005 | 20250813185531.0 | ||
| 008 | 150625s r 000 0 d | ||
| 020 | _a9972463426 | ||
| 035 | _a(Sirsi) i9789972463426 | ||
| 040 |
_aPE-LiUPU _bspa _cPE-LiUPU _erda |
||
| 049 | _aPRUA | ||
| 082 | 0 | 4 |
_a338.20985 _bR18 _221 |
| 100 | 1 |
_aRaimondi, Antonio, _d1826-1890, _eautor. |
|
| 245 | 1 | 0 |
_aMinerales del Perú : _by la búsqueda de una imagen republicana / _cAntonio Raimondi. |
| 264 | 1 |
_aLima : _bUniversidad Nacional Mayor de San Marcos, Fondo Editorial, _c 2007. |
|
| 300 |
_a402 páginas : _bilustraciones, retrato ; _c24 centímetros |
||
| 336 |
_atext _2rdacontent |
||
| 337 |
_aunmediated _2rdamedia |
||
| 338 |
_avolume _2rdacarrier |
||
| 505 | 0 | _aConsideraciones generales sobre los minerales del Perú. -Restos fósiles de las aves guaneras y sus huevos. -Minerales de plata. -Minerales de oro. -Minerales de cobre. -Minerales de plomo. -Minerales de bismuto. -Minerales de mercurio. -Minerales de molibdeno. -Minerales de arseníco. -Minerales de estaño. -Minerales de antimonio -Minerales de cinc. -Minerales de níquel. -Minerales de cobalto. -Minerales de fiero. -Minerales demagnecio. -Minerales de alúmina. -Minerales de magnesia. -Minerales de barita. -Minerales de cal. -Minerales de potasa. -Minerales de soda. -Minerales que contienen litina. -Silícidos. -Combustisbles. -Combustibles fósiles. . | |
| 526 | _aP202 | ||
| 526 | _aP201 | ||
| 526 | _aP163 | ||
| 526 | _aP162 | ||
| 526 | _aP161 | ||
| 526 | _aP160 | ||
| 526 | _aP148 | ||
| 526 | _aP147 | ||
| 526 | _aP146 | ||
| 526 | _aP145 | ||
| 526 | _aP144 | ||
| 526 | _aP143 | ||
| 526 | _aP142 | ||
| 526 | _aP141 | ||
| 526 | _aP140 | ||
| 526 | _aP139 | ||
| 526 | _aP138 | ||
| 526 | _aP137 | ||
| 526 | _aP136 | ||
| 526 | _aP135 | ||
| 526 | _aP134 | ||
| 526 | _aP133 | ||
| 526 | _aP129 | ||
| 526 | _aP128 | ||
| 526 | _aP127 | ||
| 526 | _aP120 | ||
| 526 | _aP119 | ||
| 526 | _aP118 | ||
| 526 | _aP116 | ||
| 526 | _aP115 | ||
| 526 | _aP114 | ||
| 526 | _aP110 | ||
| 526 | _aP109 | ||
| 526 | _aP108 | ||
| 526 | _aP104 | ||
| 526 | _aP103 | ||
| 526 | _aP102 | ||
| 526 | _aP99 | ||
| 526 | _aP98 | ||
| 526 | _aP97 | ||
| 526 | _aP96 | ||
| 526 | _aP95 | ||
| 526 | _aP93 | ||
| 526 | _aP90 | ||
| 526 | _aP89 | ||
| 526 | _aP88 | ||
| 526 | _aP83 | ||
| 526 | _aP82 | ||
| 526 | _aP62 | ||
| 526 | _aP59 | ||
| 526 | _aP58 | ||
| 526 | _aP57 | ||
| 526 | _aP51 | ||
| 526 | _aP49 | ||
| 526 | _aP48 | ||
| 526 | _aP47 | ||
| 526 | _aP29 | ||
| 526 | _aP24 | ||
| 526 | _aP20 | ||
| 526 | _aP19 | ||
| 526 | _aP17 | ||
| 526 | _aP15 | ||
| 526 | _aP14 | ||
| 526 | _aP12 | ||
| 526 | _aP10 | ||
| 526 | _aP09 | ||
| 526 | _aP08 | ||
| 526 | _aP07 | ||
| 526 | _aP06 | ||
| 526 | _aP05 | ||
| 526 | _aP04 | ||
| 526 | _aP01 | ||
| 650 | 0 | 4 |
_aIndustria minera _xAspectos económicos _zPerú. |
| 650 | 0 | 4 |
_aIndustria minera _xAspectos sociales _zPerú. _92831 |
| 650 | 0 | 4 |
_aMinas y recursos minerales _zPerú _xHistoria _ySiglo XIX. |
| 910 |
_bjv _cng _d20080325 |
||
| 942 |
_2ddc _cBOOK |
||
| 949 |
_a338.20985 R18 _wDEWEY _c1 _i57978 _lCCODEBUL1 _mBUL _p15.00 _r0 _sY _tBOOK _u2015-6-25 _xEDUCACION _zUNKNOWN _0COMPRA _o.STAFF. Colección General |
||
| 994 |
_aC0 _bPEPRU |
||
| 596 | _a1 | ||
| 999 |
_a338.20985 R18 _wDEWEY _c46959 _i57978 _f2021-11-5 _g5 _lCCODEBUL1 _mBUL _p15.00 _r0 _sY _tBOOK _u2015-6-25 _xBIBLIOTECA _zUNKNOWN _0COMPRA _o.STAFF. Colección General _d46959 |
||
| 980 |
_81 _gALBERTO SANCHEZ Responsable de Automatización |
||